[Event "Women's Speed Chess Q4"]
[Site "chess.com INT"]
[Date "2020.06.21"]
[Round "3"]
[White "Vidruska, Renate"]
[Black "Kazarian, Anna-Maja"]
[Result "0-1"]
[WhiteTitle "WFM"]
[BlackTitle "FM"]
[WhiteElo "2045"]
[BlackElo "2096"]
[WhiteFideId "11601841"]
[BlackFideId "1033689"]
[EventDate "2020.06.21"]

1. e4 e6 2. d4 d5 3. Nc3 Nf6 4. Bg5 dxe4 5. Nxe4 Nbd7 6. Nf3 Be7 7. Bxf6 Nxf6 8.
Bd3 O-O 9. Qd2 Nxe4 10. Bxe4 c5 11. O-O-O cxd4 12. Nxd4 f5 13. Bf3 Bg5 14. Kb1
Bxd2 15. Rxd2 Qf6 16. Rhd1 e5 17. Bd5+ Kh8 18. Nb5 Qb6 19. Bc4 a6 20. Rd6 Qc5
21. Na3 b5 22. Bb3 Bb7 23. Rd7 Bxg2 24. c4 Be4+ 25. Ka1 b4 26. Rg1 bxa3 27.
Rgxg7 axb2+ 28. Kxb2 Qxf2+ 29. Ka3 f4 30. c5 Qxc5+ 31. Kb2 0-1

[Event "Women's Speed Chess Q4"]
[Site "chess.com INT"]
[Date "2020.06.21"]
[Round "3"]
[White "Filippova, Margarita"]
[Black "Nurmanova, Alua"]
[Result "0-1"]
[WhiteTitle "WFM"]
[BlackTitle "WFM"]
[WhiteElo "1931"]
[BlackElo "2026"]
[WhiteFideId "34199680"]
[BlackFideId "13729390"]
[EventDate "2020.06.21"]

1. Nf3 Nf6 2. d4 g6 3. c4 Bg7 4. Nc3 O-O 5. e4 d6 6. Be2 e5 7. O-O Nc6 8. d5 Ne7
9. b4 a5 10. Ba3 axb4 11. Bxb4 Nd7 12. Nd2 f5 13. Nb3 Nf6 14. f3 f4 15. c5 g5
16. Nb5 Ra6 17. Nd2 Ng6 18. Nc4 g4 19. cxd6 cxd6 20. Bxd6 Rxd6 21. Nbxd6 g3 22.
h3 Bxh3 23. gxh3 Nh5 24. Re1 g2 25. Nf5 b5 26. Ncd6 Nh4 27. Bxb5 Qb6+ 28. Kh2
Qf2 29. Rg1 Qg3+ 30. Nxg3 fxg3# 0-1

[Event "Women's Speed Chess Q4"]
[Site "chess.com INT"]
[Date "2020.06.21"]
[Round "3"]
[White "Andriasyan, Siranush"]
[Black "Kiolbasa, Oliwia"]
[Result "0-1"]
[WhiteTitle "WIM"]
[BlackTitle "WIM"]
[WhiteElo "2298"]
[BlackElo "2160"]
[WhiteFideId "13301926"]
[BlackFideId "1154613"]
[EventDate "2020.06.21"]

1. e4 e5 2. Nf3 Nc6 3. Bc4 Bc5 4. c3 Nf6 5. d4 exd4 6. cxd4 Bb4+ 7. Nc3 Nxe4 8.
O-O Bxc3 9. d5 Bf6 10. Re1 Ne7 11. Rxe4 d6 12. Bg5 Bxg5 13. Nxg5 Bf5 14. Bb5+
Kf8 15. Rf4 h6 16. Qh5 g6 17. Qh4 Nxd5 18. Rxf5 gxf5 19. Qd4 Qf6 20. Qxd5 hxg5
21. Qxb7 Kg7 22. Re1 Rab8 23. Qc6 Qxb2 24. Bc4 Qc3 25. Rf1 Rb4 0-1

[Event "Women's Speed Chess Q4"]
[Site "chess.com INT"]
[Date "2020.06.21"]
[Round "3"]
[White "Bodnaruk, Anastasia"]
[Black "Balabayeva, Xeniya"]
[Result "0-1"]
[WhiteTitle "IM"]
[BlackTitle "WFM"]
[WhiteElo "2411"]
[BlackElo "2146"]
[WhiteFideId "4181751"]
[BlackFideId "13719688"]
[EventDate "2020.06.21"]

1. e4 e6 2. d4 d5 3. e5 c5 4. c3 Nc6 5. Nf3 Bd7 6. Be2 Qb6 7. a3 Rc8 8. O-O c4
9. Nbd2 Na5 10. Ne1 Nb3 11. Nxb3 Ba4 12. Be3 Bxb3 13. Qd2 Ne7 14. g4 h5 15. h3
hxg4 16. hxg4 f5 17. f3 Ng6 18. Ng2 Be7 19. Kf2 Kd7 20. Rh1 fxg4 21. fxg4 Rcf8+
22. Bf3 Qd8 23. Rh5 Rxh5 24. gxh5 Nh4 25. Nxh4 Bxh4+ 26. Ke2 Qe7 27. Rf1 Qf7 28.
Qc1 Qf5 29. Bg2 Qd3# 0-1

[Event "Women's Speed Chess Q4"]
[Site "chess.com INT"]
[Date "2020.06.21"]
[Round "3"]
[White "Socko, Monika"]
[Black "Dwilewicz, Katarzyna"]
[Result "1-0"]
[WhiteTitle "GM"]
[BlackTitle "WFM"]
[WhiteElo "2428"]
[BlackElo "2120"]
[WhiteFideId "1106619"]
[BlackFideId "1148486"]
[EventDate "2020.06.21"]

1. d4 Nf6 2. c4 e6 3. Nf3 d5 4. g3 dxc4 5. Bg2 c5 6. O-O Nc6 7. Ne5 Bd7 8. Nxc4
cxd4 9. Bf4 Bc5 10. Nd6+ Bxd6 11. Bxd6 Nd5 12. Na3 f6 13. Nb5 Kf7 14. Ba3 Ndb4
15. Nd6+ Ke7 16. Bxc6 Bxc6 17. Bxb4 Qb6 18. Nc8+ 1-0

[Event "Women's Speed Chess Q4"]
[Site "chess.com INT"]
[Date "2020.06.21"]
[Round "3"]
[White "Kucharska, Honorata"]
[Black "Zavivaeva, Evelina"]
[Result "1-0"]
[WhiteTitle "WFM"]
[BlackTitle "WCM"]
[WhiteElo "2113"]
[BlackElo "1619"]
[WhiteFideId "1163868"]
[BlackFideId "44127839"]
[EventDate "2020.06.21"]

1. e4 e5 2. Nf3 Nc6 3. Bb5 a6 4. Ba4 Nf6 5. d3 b5 6. Bb3 g6 7. O-O Bg7 8. c3 O-O
9. h3 d5 10. Qe2 Re8 11. Nbd2 Bb7 12. Rd1 a5 13. a4 b4 14. Nf1 Ba6 15. Qc2 dxe4
16. dxe4 Qe7 17. Bg5 Rad8 18. Ne3 Qc5 19. Nd5 Nxd5 20. exd5 Ne7 21. Be3 Qd6 22.
c4 c6 23. c5 Qf6 24. d6 Nf5 25. Bg5 Qxg5 26. Nxg5 1-0

[Event "Women's Speed Chess Q4"]
[Site "chess.com INT"]
[Date "2020.06.21"]
[Round "3"]
[White "Maltsevskaya, Aleksandra"]
[Black "Kirchei, Viktoriia"]
[Result "1-0"]
[WhiteTitle "WGM"]
[BlackTitle "WFM"]
[WhiteElo "2272"]
[BlackElo "2207"]
[WhiteFideId "24174041"]
[BlackFideId "34133396"]
[EventDate "2020.06.21"]

1. c4 Nf6 2. Nf3 e6 3. g3 d5 4. Bg2 Be7 5. O-O O-O 6. b3 b6 7. Bb2 Bb7 8. d3 c5
9. Nbd2 dxc4 10. Nxc4 Na6 11. h4 b5 12. Nce5 Nb4 13. a3 Nbd5 14. Rc1 Rc8 15. d4
Qb6 16. e4 Nc7 17. dxc5 Bxc5 18. Nd3 Be7 19. Bd4 Qa5 20. Bc5 Bxc5 21. Nxc5 Bxe4
22. Nxe4 Nxe4 23. Ne5 Nc3 24. Nc6 Nxd1 25. Nxa5 Nb2 26. Bb7 Nd3 27. Rc3 1-0

[Event "Women's Speed Chess Q4"]
[Site "chess.com INT"]
[Date "2020.06.21"]
[Round "3"]
[White "Muminova, Nafisa"]
[Black "Stefanova, Antoaneta"]
[Result "0-1"]
[WhiteTitle "WGM"]
[BlackTitle "GM"]
[WhiteElo "2274"]
[BlackElo "2462"]
[WhiteFideId "14201526"]
[BlackFideId "2902257"]
[EventDate "2020.06.21"]

1. d4 d5 2. Nc3 Nf6 3. Bf4 e6 4. Nb5 Na6 5. e3 c6 6. Nc3 Bb4 7. Bxa6 bxa6 8. Nf3
Ne4 9. O-O Nxc3 10. bxc3 Bxc3 11. Rb1 Ba5 12. Ne5 Bc7 13. Nxc6 Qd7 14. Bxc7 Qxc7
15. Ne5 O-O 16. c4 f6 17. Nd3 dxc4 18. Nc5 Kh8 19. Qa4 e5 20. Qxc4 exd4 21. exd4
a5 22. Rb3 Rb8 23. Rfb1 Rb6 24. Qd5 Rd8 25. Qe4 Rxb3 26. axb3 Qd6 27. Re1 h6 28.
Rd1 Qxc5 0-1

[Event "Women's Speed Chess Q4"]
[Site "chess.com INT"]
[Date "2020.06.21"]
[Round "3"]
[White "Tomilova, Elena"]
[Black "Dauletova, Gulmira"]
[Result "1-0"]
[WhiteTitle "WGM"]
[BlackTitle "WIM"]
[WhiteElo "2353"]
[BlackElo "2319"]
[WhiteFideId "4162340"]
[BlackFideId "13702971"]
[EventDate "2020.06.21"]

1. d4 Nf6 2. Nf3 d5 3. c4 e6 4. Nc3 Bb4 5. Qa4+ Nc6 6. e3 O-O 7. Qc2 dxc4 8.
Bxc4 Bd6 9. O-O e5 10. h3 exd4 11. exd4 Nb4 12. Qb3 h6 13. Ne5 Qe7 14. Ng6 Qd8
15. Nxf8 Qxf8 16. a3 Nc6 17. Be3 b6 18. Qc2 Bb7 19. Rfe1 Rd8 20. Rad1 Ne7 21.
Nb5 Ned5 22. Bd2 Bf4 23. Bxf4 Nxf4 24. f3 a6 25. Nc3 b5 26. Bf1 Qd6 27. Ne4 Nxe4
28. fxe4 Qg6 29. Qxc7 Nxh3+ 30. Kh2 Re8 31. gxh3 Bxe4 32. Rd2 Re6 33. Qg3 1-0

[Event "Women's Speed Chess Q4"]
[Site "chess.com INT"]
[Date "2020.06.21"]
[Round "3"]
[White "Narva, Regina"]
[Black "Ismayil, Malak"]
[Result "0-1"]
[WhiteTitle "WFM"]
[BlackTitle "WCM"]
[WhiteElo "1905"]
[BlackElo "1997"]
[WhiteFideId "4500237"]
[BlackFideId "13412604"]
[EventDate "2020.06.21"]

1. e4 e5 2. Nc3 Nc6 3. g3 Nf6 4. Bg2 Bc5 5. Nge2 O-O 6. O-O d6 7. Na4 Bb6 8.
Nxb6 axb6 9. d4 h6 10. d5 Ne7 11. h3 Nd7 12. g4 Ng6 13. Ng3 Nf6 14. g5 hxg5 15.
Bxg5 Re8 16. Nh5 Bd7 17. Qf3 Nf4 18. Nxf4 exf4 19. Qxf4 Re5 20. Qh4 Rxg5 21.
Qxg5 Qc8 22. Kh2 Nh7 23. Qg3 Qe8 24. Rae1 Qe7 25. f4 Rxa2 26. Rg1 Rxb2 27. Qc3
Ra2 28. Qxc7 Nf8 29. e5 Qh4 30. Qc4 Ra4 31. Qc3 Rxf4 32. e6 fxe6 33. dxe6 Bxe6
34. Bd5 Rf2+ 35. Kh1 Bxd5+ 36. Rg2 Rxg2 37. Rg1 Rg3+ 0-1

[Event "Women's Speed Chess Q4"]
[Site "chess.com INT"]
[Date "2020.06.21"]
[Round "3"]
[White "Shukhman, Anna"]
[Black "Golubenko, Valentina"]
[Result "0-1"]
[WhiteTitle "WCM"]
[BlackTitle "WGM"]
[WhiteElo "1866"]
[BlackElo "2209"]
[WhiteFideId "54180058"]
[BlackFideId "4501993"]
[EventDate "2020.06.21"]

1. e4 g6 2. d4 Bg7 3. Nc3 c5 4. Be3 Nf6 5. e5 Ng8 6. Nf3 Nc6 7. dxc5 Nxe5 8.
Nxe5 Bxe5 9. Bd4 Bxd4 10. Qxd4 Nf6 11. O-O-O O-O 12. h4 h5 13. Nd5 Nxd5 14. Qxd5
Qc7 15. g4 Qf4+ 16. Kb1 Qxg4 17. Bc4 e6 18. Qd3 Qf5 19. Qe3 b6 20. cxb6 axb6 21.
Qxb6 d5 22. Bd3 Qf6 23. Qc6 Rb8 24. b3 Bb7 25. Qc5 Rfc8 26. Qe3 Ra8 27. Bb5 d4
28. Qe2 Bxh1 29. Rxh1 Rc3 30. Qe4 Rac8 31. Bd3 Qxf2 32. Rf1 Qe3 33. Qb7 R8c7 34.
Qg2 Rxd3 35. cxd3 Qxd3+ 36. Kb2 Qc3+ 37. Kb1 d3 38. Qa8+ Kg7 39. Qg2 d2 40. Qg5
Qc2+ 41. Ka1 d1=Q+ 42. Rxd1 Qxd1+ 43. Kb2 0-1

[Event "Women's Speed Chess Q4"]
[Site "chess.com INT"]
[Date "2020.06.21"]
[Round "3"]
[White "Martynkova, Olena"]
[Black "Havanecz, Bianka"]
[Result "0-1"]
[WhiteTitle "WIM"]
[BlackTitle "WIM"]
[WhiteElo "2222"]
[BlackElo "2251"]
[WhiteFideId "14134039"]
[BlackFideId "704814"]
[EventDate "2020.06.21"]

1. d4 d5 2. c4 c6 3. Nf3 Nf6 4. Nc3 dxc4 5. a4 Bf5 6. e3 e6 7. Bxc4 Bb4 8. O-O
O-O 9. Qe2 Bg4 10. h3 Bh5 11. Rd1 Nbd7 12. e4 a5 13. e5 Nd5 14. Nxd5 cxd5 15.
Bd3 Bg6 16. Bxg6 fxg6 17. Be3 Qb6 18. h4 Rf5 19. Rac1 Raf8 20. Qb5 Qxb5 21. axb5
Nb6 22. b3 h6 23. Rc7 R5f7 24. Rdc1 a4 25. bxa4 Nxa4 26. R7c2 Nb6 27. Rb1 Be7
28. Rc7 Bd8 29. Rxf7 Kxf7 30. g3 Nc4 31. Nd2 Nxd2 32. Bxd2 Bb6 33. Rc1 Ra8 34.
Bb4 Bxd4 35. Rc7+ Kg8 36. Rxb7 Ra2 37. b6 Bxf2+ 38. Kf1 Rb2 39. Ba5 Bxg3 40. Re7
Rb5 41. b7 Bxe5 0-1

[Event "Women's Speed Chess Q4"]
[Site "chess.com INT"]
[Date "2020.06.21"]
[Round "3"]
[White "Voit, Daria"]
[Black "Grigoryan, Meri"]
[Result "0-1"]
[WhiteTitle "WGM"]
[BlackTitle "WFM"]
[WhiteElo "2343"]
[BlackElo "2044"]
[WhiteFideId "4182146"]
[BlackFideId "13300571"]
[EventDate "2020.06.21"]

1. d4 d5 2. c4 e5 3. dxe5 d4 4. Nf3 Nc6 5. a3 a5 6. Nbd2 Nge7 7. g3 Ng6 8. Bg2
Ngxe5 9. Nb3 Nxf3+ 10. Bxf3 a4 11. Bxc6+ bxc6 12. Nxd4 c5 13. Nf3 Qxd1+ 14. Kxd1
Bb7 15. Bf4 O-O-O+ 16. Kc1 Bxf3 17. exf3 Rd4 18. Kb1 Rxc4 19. Ka2 Bd6 20. Be3
Kb7 21. Rac1 Rxc1 22. Rxc1 Kb6 23. Rc4 Kb5 24. Re4 Rd8 25. Kb1 f5 26. Re6 Kc6
27. Bg5 Rb8 28. Kc2 h6 29. Bd2 Kd5 30. Re2 Be5 31. Bc3 Bxc3 32. Kxc3 Rb3+ 33.
Kc2 Rxf3 34. Kd2 g5 35. Ke1 c4 36. Rd2+ Kc5 37. Ke2 Rb3 38. Rc2 Kd4 39. Rd2+ Rd3
40. Rc2 c3 41. bxc3+ Rxc3 42. Rd2+ Kc4 43. Rd7 Kb3 44. Kd2 Rc2+ 45. Kd3 Rc6 46.
Ke3 Kxa3 47. Rd5 Rf6 48. Rc5 Rf7 49. Kd3 Kb4 50. Rc4+ Kb3 51. Rc3+ Kb2 52. Rc2+
Kb3 53. Rc3+ Kb4 54. Rc4+ Kb5 55. Kc3 c5 56. h4 a3 57. Kb3 Ra7 58. Rc1 a2 59.
Ra1 c4+ 60. Kc3 Ra3+ 61. Kc2 Kb4 62. hxg5 hxg5 63. Kb2 c3+ 64. Kc2 Kc4 65. f3 f4
66. g4 Ra4 67. Kc1 Kb3 68. Kd1 Kb2 0-1

[Event "Women's Speed Chess Q4"]
[Site "chess.com INT"]
[Date "2020.06.21"]
[Round "3"]
[White "Michelle Catherina, P"]
[Black "Starosta, Martyna"]
[Result "1-0"]
[WhiteTitle "WIM"]
[BlackTitle "WCM"]
[WhiteElo "2176"]
[BlackElo "2079"]
[WhiteFideId "5005736"]
[BlackFideId "21818754"]
[EventDate "2020.06.21"]

1. e4 e5 2. Nf3 Nc6 3. Bb5 a6 4. Ba4 Nf6 5. O-O Be7 6. Re1 b5 7. Bb3 O-O 8. h3
d5 9. exd5 Nxd5 10. Nxe5 Nxe5 11. Rxe5 c6 12. d4 Bd6 13. Re1 Qh4 14. Bxd5 cxd5
15. Qd3 f5 16. Nc3 f4 17. Qf3 Kh8 18. Bd2 b4 19. Nxd5 Bb7 20. c4 bxc3 21. bxc3
Rac8 22. Rab1 Ba8 23. Rb6 Bc7 24. Rxa6 Bxd5 25. Qxd5 f3 26. Bg5 Qh5 27. Rh6 Qf7
28. Qxf7 Rxf7 29. Rhe6 Rcf8 30. g4 h6 31. Bd2 Ra8 32. Re8+ Rf8 33. Rxf8+ Rxf8
34. c4 Ra8 35. d5 Rxa2 36. Be3 Bd6 37. c5 1-0

[Event "Women's Speed Chess Q4"]
[Site "chess.com INT"]
[Date "2020.06.21"]
[Round "3"]
[White "Kovacs, Klara"]
[Black "Schut, Lisa"]
[Result "0-1"]
[WhiteTitle "WIM"]
[BlackTitle "WIM"]
[WhiteElo "2154"]
[BlackElo "2259"]
[WhiteFideId "733210"]
[BlackFideId "1019481"]
[EventDate "2020.06.21"]

1. Nf3 d5 2. g3 g6 3. Bg2 Bg7 4. c4 c6 5. O-O Nf6 6. cxd5 cxd5 7. d4 O-O 8. Nc3
Nc6 9. Bf4 Ne4 10. Ne5 Nxc3 11. bxc3 Nxe5 12. dxe5 e6 13. Rb1 b6 14. c4 Bb7 15.
cxd5 Bxd5 16. Bxd5 exd5 17. Qd4 Re8 18. Rfd1 g5 19. Be3 Rxe5 20. Qg4 h6 21. Qf3
Re4 22. Rb5 Qf6 23. Qxf6 Bxf6 24. Rbxd5 Rae8 25. Rd7 Ra4 26. R1d2 Kg7 27. Rc2
Re7 28. Rd6 Be5 29. Rdc6 b5 30. R6c5 a6 31. Kg2 Bf6 32. Rf5 Rae4 33. h3 R4e5 34.
Rxe5 Rxe5 35. Rc6 Re6 36. Rc7 Kg6 37. Kf3 Be5 38. g4 Bxc7 0-1

[Event "Women's Speed Chess Q4"]
[Site "chess.com INT"]
[Date "2020.06.21"]
[Round "3"]
[White "Khalafova, Narmin"]
[Black "Kovanova, Baira"]
[Result "0-1"]
[WhiteTitle "WGM"]
[BlackTitle "WGM"]
[WhiteElo "2279"]
[BlackElo "2343"]
[WhiteFideId "13402625"]
[BlackFideId "4164083"]
[EventDate "2020.06.21"]

1. e4 e5 2. Nf3 Nc6 3. Bb5 a6 4. Ba4 Nge7 5. c3 g6 6. d4 exd4 7. cxd4 b5 8. Bb3
Bg7 9. d5 Na5 10. Bc2 Nc4 11. Nc3 O-O 12. O-O d6 13. Nd4 Bb7 14. b3 c5 15. dxc6
Nxc6 16. Nxc6 Bxc6 17. bxc4 Bxc3 18. cxb5 Bxb5 19. Bh6 Re8 20. Re1 Qf6 21. Rb1
Bxe1 22. Qxe1 g5 23. Rb3 Qxh6 24. Rh3 Qg7 25. f4 Rac8 26. Qd2 Qa1+ 27. Kf2 Qb2 0-1

[Event "Women's Speed Chess Q4"]
[Site "chess.com INT"]
[Date "2020.06.21"]
[Round "3"]
[White "Sviridova, Vlada"]
[Black "Mudodo, Refiloe Hazel"]
[Result "1/2-1/2"]
[WhiteTitle "WFM"]
[BlackTitle "WCM"]
[WhiteElo "2144"]
[BlackElo "1543"]
[WhiteFideId "24109606"]
[BlackFideId "11000821"]
[EventDate "2020.06.21"]

1. d4 d5 2. c4 e6 3. Nf3 Nf6 4. Nc3 Be7 5. Bf4 O-O 6. e3 c5 7. dxc5 Bxc5 8. a3
Nc6 9. cxd5 exd5 10. Be2 Re8 11. O-O h6 12. b4 Bb6 13. Na4 Bf5 14. Rc1 d4 15.
Nxb6 axb6 16. exd4 Rxa3 17. b5 Nd5 18. Bd2 Na5 19. Bxa5 bxa5 20. Bc4 Nb6 21. Re1
Nxc4 22. Rxc4 Rd3 23. Qc1 Rxe1+ 24. Qxe1 Rb3 25. Rc5 b6 26. Rxf5 Qd7 27. Re5
Rxb5 28. Rxb5 Qxb5 29. Ne5 a4 30. Qc1 Qb3 31. h4 a3 32. Nd7 Kh7 33. Qc8 a2 34.
Nf8+ Kg8 35. Ng6+ Kh7 36. Nf8+ Kg8 37. Ne6+ Kh7 38. Nf8+ 1/2-1/2

[Event "Women's Speed Chess Q4"]
[Site "chess.com INT"]
[Date "2020.06.21"]
[Round "3"]
[White "Tsukerman, Julia"]
[Black "Tokhirjonova, Gulrukhbegim"]
[Result "0-1"]
[WhiteTitle "WCM"]
[BlackTitle "WGM"]
[WhiteElo "1523"]
[BlackElo "2378"]
[WhiteFideId "2621649"]
[BlackFideId "14203626"]
[EventDate "2020.06.21"]

1. e4 e5 2. Nf3 Nc6 3. Bb5 a6 4. Ba4 Nf6 5. d3 b5 6. Bb3 Be7 7. O-O d6 8. c3 O-O
9. h3 h6 10. Nbd2 Be6 11. Bc2 Re8 12. Re1 Bf8 13. Nf1 d5 14. exd5 Bxd5 15. Ng3
Qd7 16. Qe2 Rad8 17. Ne4 Nh7 18. a4 b4 19. Bd2 a5 20. Ng3 f6 21. Qf1 Bxf3 22.
gxf3 Ng5 23. Bxg5 hxg5 24. Rad1 g6 25. Ne4 Kg7 26. Qg2 Be7 27. Ng3 Rh8 28. Kh2
Rh4 29. Ne2 Bd6 30. Ng3 Rdh8 31. Rh1 R4h5 32. Nxh5+ Rxh5 33. Kg1 Ne7 34. Qg4 Qc6
35. Rc1 bxc3 36. Bb3 cxb2 37. Rb1 Nf5 38. Qe4 Qc3 39. Qc4 Qxc4 40. Bxc4 Ba3 41.
Kg2 Rh4 42. Rhd1 Rf4 43. Bd5 Rd4 44. Bc4 Nd6 45. Rd2 Nxc4 46. Rc2 Nd6 47. Rxc7+
Kf8 48. Rc3 Bb4 49. Rb3 Nf5 50. R1xb2 Nh4+ 51. Kg3 Rf4 52. d4 Nf5+ 53. Kg2 Nxd4
54. Rd3 Ke7 55. Rb1 Kd6 56. Rc1 Rh4 57. Rc8 Rh7 58. Rg8 Ke6 59. Rxg6 Kf7 0-1

[Event "Women's Speed Chess Q4"]
[Site "chess.com INT"]
[Date "2020.06.21"]
[Round "3"]
[White "Sukandar, Irine Kharisma"]
[Black "Buksa, Nataliya"]
[Result "1-0"]
[WhiteTitle "IM"]
[BlackTitle "IM"]
[WhiteElo "2413"]
[BlackElo "2410"]
[WhiteFideId "7101937"]
[BlackFideId "14123622"]
[EventDate "2020.06.21"]

1. d4 d5 2. Bf4 Nf6 3. e3 e6 4. Nd2 Bd6 5. Bg3 c5 6. c3 Qc7 7. Bd3 Nbd7 8. Ngf3
Rb8 9. O-O Bxg3 10. hxg3 O-O 11. Qe2 c4 12. Bc2 b5 13. a3 Bb7 14. e4 dxe4 15.
Nxe4 Nxe4 16. Bxe4 Bxe4 17. Qxe4 h6 18. Rfe1 a5 19. Ne5 Nxe5 20. Qxe5 Qb6 21.
Re4 b4 22. axb4 axb4 23. Rg4 f6 24. Qh5 Kh8 25. Qg6 Rb7 26. Rh4 bxc3 27. bxc3
Qb2 28. Ra5 Qxc3 29. Rah5 Qc1+ 30. Kh2 c3 31. f4 1-0

[Event "Women's Speed Chess Q4"]
[Site "chess.com INT"]
[Date "2020.06.21"]
[Round "3"]
[White "Xu, Yuanyuan"]
[Black "Zhukova, Natalia"]
[Result "0-1"]
[WhiteTitle "WGM"]
[BlackTitle "GM"]
[WhiteElo "2317"]
[BlackElo "2328"]
[WhiteFideId "8601089"]
[BlackFideId "14101513"]
[EventDate "2020.06.21"]

1. d4 Nf6 2. c4 c5 3. d5 b5 4. cxb5 a6 5. bxa6 g6 6. Nc3 Bg7 7. e4 O-O 8. Nf3
Qa5 9. Bd2 Bxa6 10. Bxa6 Qxa6 11. Qe2 d6 12. Qxa6 Nxa6 13. O-O Rfb8 14. Rab1 Nb4
15. a3 Nd3 16. Nd1 Nxe4 17. Bc3 Nxc3 18. Nxc3 Nxb2 19. Nd1 Rxa3 20. Re1 Kf8 21.
Nd2 Raa8 22. Nxb2 Rxb2 23. Nc4 Rxb1 24. Rxb1 Bd4 25. g3 Ra2 26. Rb8+ Kg7 27. Ne3
Rd2 28. Rb7 Bxe3 29. fxe3 Kf6 30. e4 Re2 31. Kf1 Rxe4 32. Kf2 Rd4 33. Ke3 Rxd5
34. Ke4 Rd2 35. h4 d5+ 36. Ke3 Ra2 0-1

[Event "Women's Speed Chess Q4"]
[Site "chess.com INT"]
[Date "2020.06.21"]
[Round "3"]
[White "Zawadzka, Jolanta"]
[Black "Tarasenka, Aliaksandra"]
[Result "0-1"]
[WhiteTitle "WGM"]
[BlackTitle "WFM"]
[WhiteElo "2419"]
[BlackElo "2070"]
[WhiteFideId "1122320"]
[BlackFideId "13514288"]
[EventDate "2020.06.21"]

1. e4 c5 2. Nf3 Nc6 3. d4 cxd4 4. Nxd4 Nf6 5. Nc3 e6 6. Nxc6 bxc6 7. Bd3 Bd6 8.
f4 e5 9. Qf3 Qb6 10. f5 Bc5 11. g4 h6 12. h4 h5 13. gxh5 Bd4 14. a4 d5 15. exd5
cxd5 16. Nxd5 Nxd5 17. Qxd5 Bb7 18. Qb5+ Qxb5 19. Bxb5+ Kf8 20. Rh2 Rxh5 21. c3
Bc5 22. b4 Be7 23. Be2 Rxh4 24. Rxh4 Bxh4+ 25. Kf1 Ke7 26. c4 Rh8 27. Bd3 Bf6
28. Bb2 Rh1+ 29. Ke2 Rh2+ 30. Ke3 Rxb2 31. Be4 Rxb4 0-1

[Event "Women's Speed Chess Q4"]
[Site "chess.com INT"]
[Date "2020.06.21"]
[Round "3"]
[White "Kubicka, Anna"]
[Black "Klinova, Masha"]
[Result "1-0"]
[WhiteTitle "WIM"]
[BlackTitle "IM"]
[WhiteElo "2256"]
[BlackElo "2275"]
[WhiteFideId "1152254"]
[BlackFideId "2802015"]
[EventDate "2020.06.21"]

1. e4 d6 2. d4 Nf6 3. Nc3 e5 4. Nf3 Nbd7 5. Bc4 Be7 6. O-O O-O 7. a4 c6 8. h3 h6
9. Qe2 Re8 10. Rd1 Qc7 11. Ba2 Bf8 12. dxe5 Nxe5 13. Nxe5 dxe5 14. Be3 Be6 15.
Bxe6 Rxe6 16. f3 Rd6 17. Rxd6 Bxd6 18. Rd1 Bb4 19. Qc4 a5 20. Nd5 Nxd5 21. exd5
Rc8 22. dxc6 Qxc6 23. Qxc6 Rxc6 24. c3 Bc5 25. Kf2 Kf8 26. Rd5 Bxe3+ 27. Kxe3
Rb6 28. Rxa5 Rxb2 29. g4 Rb3 30. Kd3 Ra3 31. Kc4 f6 32. Kb4 Ra1 33. Rb5 Ke8 34.
Ka5 Ra3 35. Rxb7 Rxc3 36. Rxg7 Rxf3 37. Kb5 e4 38. Kc4 Rxh3 39. Kd4 Rg3 40. a5
h5 41. a6 Ra3 42. a7 Kf8 43. Rb7 e3 44. Rb8+ Kf7 45. a8=Q Rxa8 46. Rxa8 e2 47.
Ra1 hxg4 48. Ke3 Kg6 49. Kxe2 Kg5 50. Kf2 f5 51. Ra4 f4 52. Ra5+ Kh4 53. Rf5 f3
54. Rf4 Kh3 55. Rf8 Kh4 56. Rh8+ Kg5 57. Kg3 Kf5 58. Ra8 Ke4 59. Ra3 1-0

[Event "Women's Speed Chess Q4"]
[Site "chess.com INT"]
[Date "2020.06.21"]
[Round "3"]
[White "Benmesbah, Natacha"]
[Black "Zakirova, Aisha"]
[Result "1-0"]
[WhiteTitle "WIM"]
[BlackTitle "WCM"]
[WhiteElo "2223"]
[BlackElo "1585"]
[WhiteFideId "642002"]
[BlackFideId "13719734"]
[EventDate "2020.06.21"]

1. e4 c5 2. Nf3 d6 3. Bb5+ Bd7 4. Bxd7+ Qxd7 5. O-O Nf6 6. Re1 Nc6 7. c3 e5 8.
d4 cxd4 9. cxd4 Ke7 10. b3 Ke8 11. Nc3 Be7 12. Nd5 Kf8 13. Bb2 Rd8 14. Rc1 h5
15. dxe5 dxe5 16. Nxe5 Nxe5 17. Bxe5 Nxd5 18. exd5 Qxd5 19. Qxd5 Rxd5 20. Rc8+
Rd8 21. Rc7 Bb4 22. Rec1 Rh6 23. Rxb7 Ba3 24. Re1 Re6 25. Kf1 Bc5 26. Bc3 Rxe1+
27. Kxe1 Re8+ 28. Kf1 Rd8 29. Rc7 Bb6 30. Bb4+ Kg8 31. Rc2 Rd1+ 32. Ke2 Rh1 33.
h3 h4 34. Be7 Rg1 35. Kf3 Rd1 36. Bxh4 Rd4 37. Be7 f5 38. Bc5 Rd3+ 39. Ke2 Rd5
40. Bxb6 axb6 41. a4 Kf7 42. Rc7+ Kf8 43. Rc6 Re5+ 44. Kf3 b5 45. a5 b4 46. a6
Ra5 47. Rb6 Kf7 48. Ke3 g6 49. Kd4 1-0

[Event "Women's Speed Chess Q4"]
[Site "chess.com INT"]
[Date "2020.06.21"]
[Round "3"]
[White "Eswaran, Ashritha"]
[Black "Danielian, Elina"]
[Result "0-1"]
[WhiteTitle "WIM"]
[BlackTitle "GM"]
[WhiteElo "2244"]
[BlackElo "2407"]
[WhiteFideId "2080788"]
[BlackFideId "13300210"]
[EventDate "2020.06.21"]

1. e4 d6 2. d4 Nf6 3. Nc3 c6 4. f4 Qa5 5. Bd3 e5 6. Nf3 Bg4 7. O-O exd4 8. Ne2
Bxf3 9. Rxf3 Qb6 10. e5 Nd5 11. Ng3 Nd7 12. exd6 O-O-O 13. a4 a5 14. Bd2 Bxd6
15. Ne4 Bb4 16. Bxb4 Nxb4 17. Nd6+ Kb8 18. Nxf7 Nf6 19. Nxh8 Rxh8 20. Qd2 Rd8
21. Re1 Nfd5 22. Kh1 Qc5 23. Re5 Qd6 24. Rf1 Rf8 25. Rfe1 Rxf4 26. Re6 Qc7 27.
R6e4 Rxe4 28. Rxe4 Qb6 29. Qf2 Nxd3 30. cxd3 Ne3 31. h3 Ka7 32. Kh2 Qb4 33. Re5
Qxa4 34. Qd2 Nf1+ 0-1